00788cam a2200217 a 4500020003200000082001700032100002900049245003400078250001200112260004800124300003200172500002000204650003100224650003300255700002700288856006200315856005400377942000700431999001500438952011700453 a0072314036 (acidfree paper)00a344.7301 ALE1 aBennett-Alexander, Dawn.10aEmployment law for business / a3rd ed. aBoston, Mass. :bIrwin/McGraw-Hill,cc2001. axx, 795 p. :bill., forms ; aIncludes index. 0aLabor laws and legislation 0aDiscrimination in employment1 aHartman, Laura Pincus.42uhttp://www.loc.gov/catdir/description/mh021/00027780.html41uhttp://www.loc.gov/catdir/toc/mh021/00027780.html cBK c2077d2077 0010708NFICaMLCampusbMLCampuscGENd2015-09-12l0o344.7301 ALEp003484r2022-11-17 00:00:00w2015-09-12yBK